<?xml version="1.0" encoding="UTF-8"?>
<record
    xmlns:xsi="http://www.w3.org/2001/XMLSchema-instance"
    xsi:schemaLocation="http://www.loc.gov/MARC21/slim http://www.loc.gov/standards/marcxml/schema/MARC21slim.xsd"
    xmlns="http://www.loc.gov/MARC21/slim">

  <leader>01965nam a22003617a 4500</leader>
  <controlfield tag="005">20160629121220.0</controlfield>
  <controlfield tag="008">160629t2004    mx ||||e |||| s0| mlesp d</controlfield>
  <datafield tag="028" ind1=" " ind2=" ">
    <subfield code="a">7503008112254</subfield>
  </datafield>
  <datafield tag="050" ind1="0" ind2="4">
    <subfield code="a">PN 1919 </subfield>
    <subfield code="b">P53 2004</subfield>
  </datafield>
  <datafield tag="100" ind1="1" ind2=" ">
    <subfield code="a">MarcianoYvon  </subfield>
  </datafield>
  <datafield tag="245" ind1="1" ind2="3">
    <subfield code="a">El placer de la seda     </subfield>
    <subfield code="c">/ Director Yvon Marciano; Gui&#xF3;n Jean-Fran&#xE7;ois Goyet, Yvon Marciano</subfield>
    <subfield code="h">[videograbaci&#xF3;n]</subfield>
  </datafield>
  <datafield tag="246" ind1="1" ind2="3">
    <subfield code="a">Le cri de la soie </subfield>
    <subfield code="h">[videograbaci&#xF3;n]</subfield>
  </datafield>
  <datafield tag="260" ind1=" " ind2=" ">
    <subfield code="a">M&#xE9;xico :</subfield>
    <subfield code="b">Film house ,</subfield>
    <subfield code="c">2004</subfield>
  </datafield>
  <datafield tag="300" ind1=" " ind2=" ">
    <subfield code="a"> 1 videodisco 110 min.</subfield>
    <subfield code="b">Dolby digital</subfield>
    <subfield code="c">4 3/4 pig.</subfield>
  </datafield>
  <datafield tag="508" ind1=" " ind2=" ">
    <subfield code="a">Director: Yvon Marciano ;Gui&#xF3;n Jean-Fran&#xE7;ois Goyet, Yvon Marciano; M&#xFA;sica: Alexandre Desplat
Fotograf&#xED;a: William Lubtchansky
</subfield>
  </datafield>
  <datafield tag="511" ind1=" " ind2=" ">
    <subfield code="a">Sergio Castellitto, Marie Trintignant, An&#xE9;mone, Adriana Asti, Alexandra London</subfield>
  </datafield>
  <datafield tag="520" ind1=" " ind2=" ">
    <subfield code="a">Ambientada en la Primera guerra mundial (1914-1918). Gabriel, un psiquiatra, y Marie, una modista, son dos personajes, aparentemente muy dispares, que comparten una extra&#xF1;a fascinaci&#xF3;n por la seda y acaban enamor&#xE1;ndose. Para Marie, el placer de tocar la seda es tan exquisito que, un d&#xED;a, es arrestada en una tienda por cortar un trozo de un vestido en exhibici&#xF3;n. Al estallar la guerra, tendr&#xE1;n que separarse y soportar penalidades, pero en todo momento conservan intacto su &#xFA;nico deseo: reencontrarse para reanudar su relaci&#xF3;n amorosa. </subfield>
  </datafield>
  <datafield tag="521" ind1=" " ind2=" ">
    <subfield code="a">"B"</subfield>
  </datafield>
  <datafield tag="546" ind1=" " ind2=" ">
    <subfield code="a">Frances/ subtitulos en espa&#xF1;ol</subfield>
  </datafield>
  <datafield tag="586" ind1=" " ind2=" ">
    <subfield code="a">Premios 1996: Premios C&#xE9;sar: Nominada a Mejor Actriz (Trintignant)</subfield>
  </datafield>
  <datafield tag="650" ind1="0" ind2="4">
    <subfield code="a">Drama. </subfield>
    <subfield code="v">Romance </subfield>
  </datafield>
  <datafield tag="700" ind1="1" ind2=" ">
    <subfield code="a">Yvon Marciano</subfield>
    <subfield code="e">Director</subfield>
  </datafield>
  <datafield tag="700" ind1="1" ind2=" ">
    <subfield code="a">Jean-Fran&#xE7;ois Goyet, </subfield>
    <subfield code="e">Gui&#xF3;n</subfield>
  </datafield>
  <datafield tag="700" ind1="1" ind2=" ">
    <subfield code="a">Yvon Marciano</subfield>
    <subfield code="e">Gui&#xF3;n</subfield>
  </datafield>
  <datafield tag="700" ind1="1" ind2=" ">
    <subfield code="a">Alexandre Desplat</subfield>
    <subfield code="e">Musica</subfield>
  </datafield>
  <datafield tag="700" ind1="1" ind2=" ">
    <subfield code="a">William Lubtchansky</subfield>
    <subfield code="e">Fotograf&#xED;a</subfield>
  </datafield>
  <datafield tag="700" ind1="1" ind2=" ">
    <subfield code="a">Sergio Castellitto, </subfield>
    <subfield code="e">Actor</subfield>
  </datafield>
  <datafield tag="700" ind1="1" ind2=" ">
    <subfield code="a">Marie Trintignant, </subfield>
    <subfield code="e">Actor</subfield>
  </datafield>
  <datafield tag="700" ind1="1" ind2=" ">
    <subfield code="a">An&#xE9;mone, </subfield>
    <subfield code="e">Actor</subfield>
  </datafield>
  <datafield tag="700" ind1="1" ind2=" ">
    <subfield code="a">Adriana Asti,</subfield>
    <subfield code="e">Actor</subfield>
  </datafield>
  <datafield tag="700" ind1="1" ind2=" ">
    <subfield code="a"> Alexandra London</subfield>
    <subfield code="e">Actor</subfield>
  </datafield>
  <datafield tag="942" ind1=" " ind2=" ">
    <subfield code="2">lcc</subfield>
    <subfield code="c">PEL</subfield>
  </datafield>
  <datafield tag="999" ind1=" " ind2=" ">
    <subfield code="c">117356</subfield>
    <subfield code="d">117356</subfield>
  </datafield>
  <datafield tag="952" ind1=" " ind2=" ">
    <subfield code="0">0</subfield>
    <subfield code="1">0</subfield>
    <subfield code="2">lcc</subfield>
    <subfield code="4">0</subfield>
    <subfield code="7">0</subfield>
    <subfield code="a">LIC-047</subfield>
    <subfield code="b">LIC-047</subfield>
    <subfield code="c">MA</subfield>
    <subfield code="d">2016-06-29</subfield>
    <subfield code="h">VBFP000080</subfield>
    <subfield code="o">PN 1919 P53 2004</subfield>
    <subfield code="p">VBFP000080</subfield>
    <subfield code="r">2016-06-29 00:00:00</subfield>
    <subfield code="t">1</subfield>
    <subfield code="w">2016-06-29</subfield>
    <subfield code="y">PEL</subfield>
  </datafield>
</record>
